00742pam a2200217 a 4500001000800000005001700008008004100025020003800066020003800104040001400142082002200156245010600178260005700284300002600341546001200367650002900379650003100408650003300439650003100472700002100503434732120161228112831.0891207s1990 nju b 001 0 eng  a0691068461 (cloth : alk. paper) : a0691014809 (paper : alk. paper) : cDPK-LaUMT00a306.072220bMOD-00aModernist anthropology :bfrom fieldwork to text /cedited and with an introduction by Marc Manganaro aPrinceton, N.J. :bPrinceton University Press,c1990 axii, 337 p. ;c25 cm. aEnglish 0aAnthropologyxFieldwork. 0aAnthropologyxMethodology. 0aLiterature and anthropology. 0aAnthropologists' writings.1 aManganaro, Marc,